Most Difficult Piano Composers - Statistics

General Stats
  • This quiz has been taken 99 times
  • The average score is 8 of 15
Answer Stats
Famous Piece Example Answer % Correct
Ballade No. 4 Frédéric Chopin
98%
Transcendental Etudes Franz Liszt
95%
Sonata No. 29 Ludwig van Beethoven
92%
Goldberg Variations Johann Sebastian Bach
88%
Concerto No. 3 Sergei Rachmaninoff
86%
Gaspard de la Nuit Maurice Ravel
69%
Toccata op. 7 Robert Schumann
51%
Trois mouvements de Petrouchka Igor Stravinsky
50%
Piano Concerto No. 2 Sergei Prokofiev
50%
Vers la Flamme Alexander Scriabin
42%
Grande Sonate 'Les Quatre Âges' Charles-Valentin Alkan
29%
Opus clavicembalisticum Kaikhosru Shapurji Sorabji
23%
60 Grandes Études, Op. 63. Amédée Méreaux
14%
Études (3 books) György Ligeti
10%
The Love Songs of Hafiz Karol Szymanowski
6%
No matching quizzes found
Score Distribution
Percent of People with Each Score
Percentile by Number Answered
Your Score History
You have not taken this quiz